Educational Inequality Within the European Union: A Spatial Statistics Approach

Salvato in:
Dettagli Bibliografici
Autore principale: Furková, Andrea, 1975-
Natura: Capitolo di libro
Lingua:inglese
Soggetti:
Tags: Aggiungi Tag
Nessun Tag, puoi essere il primo ad aggiungerne!!

MARC

LEADER 00000naa$a2200000$$$4500
001 0297478
005 20240502084001.0
041 0 |a eng 
044 |a JP 
245 1 0 |a Educational Inequality Within the European Union: A Spatial Statistics Approach  |c Andrea Furková 
500 |a Abstrakt 
610 2 0 |a štatistika 
610 2 0 |a vzdelanie 
610 2 0 |a nerovnosť 
610 2 0 |a Európska únia 
100 1 |a Furková, Andrea, 1975-